Ascend / (Record no. 156865)

MARC details
000 -LEADER
fixed length control field 01074cam a2200337 i 4500
001 - CONTROL NUMBER
control field vtls003257953
003 - CONTROL NUMBER IDENTIFIER
control field MY-SjTCS
005 - DATE AND TIME OF LATEST TRANSACTION
control field 20200226115954.0
008 - FIXED-LENGTH DATA ELEMENTS--GENERAL INFORMATION
fixed length control field 141106s2011 nyu d 000 1 eng
020 ## - INTERNATIONAL STANDARD BOOK NUMBER
International Standard Book Number 9781250006332 (paperback)
039 #9 - LEVEL OF BIBLIOGRAPHIC CONTROL AND CODING DETAIL [OBSOLETE]
Level of rules in bibliographic description 201809071345
Level of effort used to assign nonsubject heading access points VLOAD
Level of effort used to assign subject headings 201604191020
Level of effort used to assign classification patrick
Level of effort used to assign subject headings 201502131415
Level of effort used to assign classification pushpa
Level of effort used to assign subject headings 201502131411
Level of effort used to assign classification pushpa
-- 201411061704
-- malathy
040 ## - CATALOGING SOURCE
Description conventions rda
082 04 - DEWEY DECIMAL CLASSIFICATION NUMBER
Classification number 813.6
Item number HOC 2011
100 1# - MAIN ENTRY--PERSONAL NAME
Personal name Hocking, Amanda.
9 (RLIN) 71682
245 10 - TITLE STATEMENT
Title Ascend /
Statement of responsibility, etc. Amanda Hocking.
264 #1 - PRODUCTION, PUBLICATION, DISTRIBUTION, MANUFACTURE, AND COPYRIGHT NOTICE
Place of production, publication, distribution, manufacture New York :
Name of producer, publisher, distributor, manufacturer St. Martin's Griffin,
Date of production, publication, distribution, manufacture, or copyright notice [2011]
264 #4 - PRODUCTION, PUBLICATION, DISTRIBUTION, MANUFACTURE, AND COPYRIGHT NOTICE
Date of production, publication, distribution, manufacture, or copyright notice ©2011
300 ## - PHYSICAL DESCRIPTION
Extent 326 pages ;
Dimensions 22 cm
336 ## - CONTENT TYPE
Content type term text
Source rdacontent
337 ## - MEDIA TYPE
Media type term unmediated
Source rdamedia
338 ## - CARRIER TYPE
Carrier type term volume
Source rdacarrier
490 1# - SERIES STATEMENT
Series statement Trylle trilogy ;
Volume/sequential designation #3
500 ## - GENERAL NOTE
General note "New! Bonus story inside"--Cover.
590 ## - LOCAL NOTE (RLIN)
Local note English : ENG4U
650 #0 - SUBJECT ADDED ENTRY--TOPICAL TERM
Topical term or geographic name entry element Princesses
Form subdivision Fiction.
9 (RLIN) 63541
650 #0 - SUBJECT ADDED ENTRY--TOPICAL TERM
Topical term or geographic name entry element Trolls
Form subdivision Fiction.
650 #0 - SUBJECT ADDED ENTRY--TOPICAL TERM
Topical term or geographic name entry element Changelings
Form subdivision Fiction.
650 #0 - SUBJECT ADDED ENTRY--TOPICAL TERM
Topical term or geographic name entry element Paranormal fiction.
9 (RLIN) 17743
800 1# - SERIES ADDED ENTRY--PERSONAL NAME
Personal name Hocking, Amanda.
Title of a work Trylle trilogy ;
Volume/sequential designation bk. 3.
920 ## - Programme
Programme CPU : 214298
Holdings
Withdrawn status Lost status Source of classification or shelving scheme Damaged status Not for loan Home library Current library Date acquired Cost, normal purchase price Total Checkouts Barcode Date last seen Date last checked out Copy number Cost, replacement price Koha item type Public note
Withdrawn   Dewey Decimal Classification     Taylor's Library-TC Taylor's Library-TC 18/11/2014 33.90 2 5000153294 05/12/2019 07/03/2016 1 33.90 Main Collection CPUxx,02000,01,CL